[Event "56th Rubinstein Memorial D 2020"]
[Site "Polanica Zdroj"]
[Date "2020.08.19"]
[Round "5.11"]
[White "Borowski, Przemyslaw"]
[Black "Jurkiewicz, Joanna"]
[Result "1-0"]
[WhiteElo "1790"]
[BlackElo "1691"]
[Annotator "NA RC"]
[PlyCount "67"]
[EventDate "2020.08.15"]
[EventType "swiss"]
[EventCountry "POL"]
[SourceTitle "playchess.com"]
[Source "ChessBase"]
[SourceQuality "1"]
[TimeControl "40/5400+30:1800+30"]

1. e4 {[%emt 0:01:03]} b6 {[%emt 0:00:00]} 2. d4 {[%emt 0:01:07]} Bb7 {[%emt 0:00:00]} 3. f3 {[%emt 0:02:18]} e6 {[%emt 0:00:04]} 4. Bd3 {[%emt 0:00:33]} c5 {[%emt 0:01:44]} 5. Ne2 {[%emt 0:02:14]} d5 {[%emt 0:04:01]} 6. c3 {[%emt 0:09:39]} Nf6 {[%emt 0:09:33]} 7. e5 {[%emt 0:00:30]} Nfd7 8. O-O {[%emt 0:03:26]} Nc6 {[%emt 0:06:18]} 9. f4 {[%emt 0:02:21]} c4 {[%emt 0:05:21]} 10. Bc2 {[%emt 0:01:19]} f5 {[%emt 0:04:11]} 11. exf6 {[%emt 0:02:29]} Qxf6 {[%emt 0:04:02]} 12. Nd2 {[%emt 0:03:36]} O-O-O {[%emt 0:02:22]} 13. Nf3 {[%emt 0:01:09]} Bd6 {[%emt 0:04:06]} 14. f5 {[%emt 0:06:25]} h6 {[%emt 0:00:48]} 15. fxe6 {[%emt 0:06:08]} Qxe6 {[%emt 0:00:45]} 16. Nf4 {[%emt 0:00:43]} Bxf4 {[%emt 0:04:36]} 17. Bxf4 {[%emt 0:00:08]} g5 {[%emt 0:01:00]} 18. Bg3 {[%emt 0:06:02]} Rhf8 {[%emt 0:06:39]} 19. Qd2 {[%emt 0:07:09]} Rf6 {[%emt 0:01:02]} 20. Rae1 {[%emt 0:05:18]} Qf7 {[%emt 0:03:15]} 21. Ne5 {[%emt 0:10:36]} Ncxe5 {[%emt 0:09:01]} 22. dxe5 {[%emt 0:04:07]} Rxf1+ {[%emt 0:01:46]} 23. Rxf1 {[%emt 0:00:06]} Qe7 {[%emt 0:03:53]} 24. Qe2 {[%emt 0:05:55]} Bc6 {[%emt 0:05:46]} 25. e6 {[%emt 0:01:04]} Kb7 {[%emt 0:03:07]} 26. Rf7 {[%emt 0:03:05]} Qe8 {[%emt 0:02:05]} 27. Bg6 {[%emt 0:07:10]} Qg8 {[%emt 0:04:06]} 28. Bh5 {[%emt 0:03:14]} Re8 {[%emt 0:02:03]} 29. Qg4 {[%emt 0:00:28]} Ka6 {[%emt 0:03:36]} 30. exd7 {[%emt 0:00:21]} Re4 {[%emt 0:01:45]} 31. Qf5 {[%emt 0:01:29]} d4 {[%emt 0:02:35]} 32. Bf3 {[%emt 0:01:21]} d3 {[%emt 0:03:06]} 33. Bxe4 {[%emt 0:01:37]} d2 {[%emt 0:00:06]} 34. Bc2 {[%emt 0:00:44]} 1-0

[Event "56th Rubinstein Memorial D 2020"]
[Site "Polanica Zdroj"]
[Date "2020.08.19"]
[Round "5.12"]
[White "Ciechonski, Piotr"]
[Black "Ratajczak, Hubert"]
[Result "1-0"]
[WhiteElo "1774"]
[BlackElo "1513"]
[Annotator "NA RC"]
[PlyCount "120"]
[EventDate "2020.08.15"]
[EventType "swiss"]
[EventCountry "POL"]
[SourceTitle "playchess.com"]
[Source "ChessBase"]
[SourceQuality "1"]
[TimeControl "40/5400+30:1800+30"]

1. e4 c5 2. Nc3 Nc6 3. f4 g6 4. Nf3 Bg7 5. Bc4 e6 6. d3 Nge7 7. f5 gxf5 8. Bg5 Qb6 9. Rb1 h6 10. Be3 Nd4 11. O-O d6 12. a3 Bd7 13. b4 Nxf3+ 14. Qxf3 Bxc3 15. bxc5 Qc6 16. cxd6 Qxd6 17. Rxb7 Bc6 18. Bb5 Bxb5 19. Rxb5 Qc6 20. Rc5 Qd7 21. Rxc3 Rb8 22. Qf2 a6 23. Bc5 Rf8 24. exf5 Nxf5 25. Bxf8 Kxf8 26. Rc4 Rb5 27. g4 Nd6 28. Rf4 Rg5 29. Qd4 Rg7 30. c4 Qc7 31. Qe5 Nb5 32. Qxc7 Nxc7 33. Kf2 Ke7 34. h3 h5 35. gxh5 f5 36. Rg1 Rh7 37. Rh4 e5 38. h6 Ne6 39. Rb1 Kf6 40. Rb6 Kg5 41. Rxe6 Kxh4 42. Rxe5 Rxh6 43. Rxf5 Rd6 44. Rd5 Rf6+ 45. Ke3 Kxh3 46. c5 Kg4 47. Rd6 Rf8 48. Rxa6 Kf5 49. Kd4 Rd8+ 50. Kc4 Rb8 51. a4 Rb1 52. Kd5 Rb3 53. d4 Rb4 54. Ra8 Kf6 55. a5 Ke7 56. Ra7+ Kd8 57. a6 Kc8 58. Kc6 Kb8 59. Rb7+ Ka8 60. Rxb4 Ka7 1-0

[Event "56th Rubinstein Memorial D 2020"]
[Site "Polanica Zdroj"]
[Date "2020.08.19"]
[Round "5.13"]
[White "Szydelko, Kazimierz"]
[Black "Ochenduszko, Bartosz"]
[Result "1-0"]
[WhiteElo "1713"]
[BlackElo "1531"]
[Annotator "NA RC"]
[PlyCount "55"]
[EventDate "2020.08.15"]
[EventType "swiss"]
[EventCountry "POL"]
[SourceTitle "playchess.com"]
[Source "ChessBase"]
[SourceQuality "1"]
[TimeControl "40/5400+30:1800+30"]

1. d4 {[%emt 0:00:00]} d5 {[%emt 0:00:00]} 2. c4 {[%emt 0:00:00]} c6 {[%emt 0:00:00]} 3. Nf3 {[%emt 0:00:38]} Nf6 {[%emt 0:00:00]} 4. Nc3 {[%emt 0:00:05]} e6 {[%emt 0:01:02]} 5. Bg5 {[%emt 0:01:03]} Be7 {[%emt 0:01:24]} 6. e3 {[%emt 0:00:09]} Nbd7 {[%emt 0:00:39]} 7. Qc2 {[%emt 0:00:41]} O-O {[%emt 0:01:35]} 8. cxd5 {[%emt 0:00:59]} exd5 {[%emt 0:00:51]} 9. Bd3 {[%emt 0:00:11]} Re8 {[%emt 0:07:44]} 10. O-O {[%emt 0:00:32]} Nf8 {[%emt 0:02:46]} 11. Rab1 {[%emt 0:01:02]} Bg4 12. Ne5 {[%emt 0:00:30]} Bh5 13. b4 Ng4 {[%emt 0:21:19]} 14. Bf4 {[%emt 0:07:44]} Nxe5 {[%emt 0:00:39]} 15. Bxe5 {[%emt 0:00:09]} Bd6 {[%emt 0:00:25]} 16. Bxd6 {[%emt 0:00:28]} Qxd6 {[%emt 0:00:02]} 17. b5 {[%emt 0:00:35]} Re6 {[%emt 0:01:36]} 18. bxc6 {[%emt 0:02:36]} bxc6 {[%emt 0:01:08]} 19. Ne2 {[%emt 0:01:08]} Rae8 {[%emt 0:07:17]} 20. Ng3 {[%emt 0:05:21]} Bg6 {[%emt 0:00:37]} 21. Rb7 {[%emt 0:01:53]} Qa3 {[%emt 0:13:26]} 22. Bxg6 {[%emt 0:06:50]} Nxg6 {[%emt 0:02:26]} 23. Rfb1 {[%emt 0:01:39]} h6 {[%emt 0:03:39]} 24. R1b3 {[%emt 0:02:43]} Qa6 {[%emt 0:00:50]} 25. Nf5 {[%emt 0:05:05]} Nf8 {[%emt 0:02:46]} 26. Qb2 {[%emt 0:08:16]} Ng6 27. Ra3 {[%emt 0:01:21]} Qc4 {[%emt 0:06:44]} 28. Rb4 {[%emt 0:00:54]} 1-0

[Event "56th Rubinstein Memorial D 2020"]
[Site "Polanica Zdroj"]
[Date "2020.08.19"]
[Round "5.14"]
[White "Kaczanowski, Pawel"]
[Black "Szuber, Dawid"]
[Result "1-0"]
[WhiteElo "1655"]
[BlackElo "1523"]
[Annotator "NA RC"]
[PlyCount "71"]
[EventDate "2020.08.15"]
[EventType "swiss"]
[EventCountry "POL"]
[SourceTitle "playchess.com"]
[Source "ChessBase"]
[SourceQuality "1"]
[TimeControl "40/5400+30:1800+30"]

1. e4 {[%emt 0:00:00]} c5 {[%emt 0:00:00]} 2. Nf3 {[%emt 0:00:00]} Nc6 {[%emt 0:00:00]} 3. d4 {[%emt 0:00:00]} cxd4 {[%emt 0:00:00]} 4. Nxd4 {[%emt 0:00:00]} d5 {[%emt 0:00:02]} 5. Bb5 {[%emt 0:02:45]} dxe4 {[%emt 0:00:28]} 6. O-O {[%emt 0:05:29]} Bd7 {[%emt 0:06:24]} 7. Nc3 {[%emt 0:03:11]} Nf6 {[%emt 0:01:19]} 8. Bxc6 {[%emt 0:05:45]} bxc6 9. Qe2 {[%emt 0:11:50]} e6 {[%emt 0:04:17]} 10. Bg5 {[%emt 0:19:44]} Be7 {[%emt 0:02:30]} 11. Nxe4 {[%emt 0:00:44]} Nxe4 {[%emt 0:01:13]} 12. Bxe7 {[%emt 0:00:05]} Qxe7 {[%emt 0:00:07]} 13. Qxe4 {[%emt 0:00:02]} Rc8 {[%emt 0:02:28]} 14. Rfd1 {[%emt 0:05:25]} O-O {[%emt 0:02:08]} 15. Nf5 {[%emt 0:07:41]} Qd8 {[%emt 0:03:18]} 16. Nxg7 {[%emt 0:01:05]} Kxg7 {[%emt 0:00:33]} 17. Qd4+ {[%emt 0:00:05]} Qf6 {[%emt 0:02:50]} 18. Qxf6+ {[%emt 0:01:05]} Kxf6 {[%emt 0:00:16]} 19. Rxd7 {[%emt 0:00:04]} a6 {[%emt 0:00:09]} 20. Kf1 {[%emt 0:01:52]} Rfe8 {[%emt 0:01:19]} 21. Rad1 {[%emt 0:00:20]} Re7 {[%emt 0:00:42]} 22. R1d3 {[%emt 0:00:40]} Rxd7 {[%emt 0:04:35]} 23. Rxd7 {[%emt 0:00:15]} Rb8 {[%emt 0:00:05]} 24. b3 {[%emt 0:00:12]} Rb5 {[%emt 0:01:36]} 25. Ra7 {[%emt 0:04:18]} Ra5 {[%emt 0:00:49]} 26. a4 {[%emt 0:00:19]} e5 {[%emt 0:00:57]} 27. Ke2 {[%emt 0:01:47]} Ke6 {[%emt 0:01:20]} 28. c4 {[%emt 0:00:34]} h5 {[%emt 0:00:45]} 29. h4 {[%emt 0:05:20]} Kf6 {[%emt 0:09:09]} 30. f3 {[%emt 0:00:40]} Ke6 {[%emt 0:04:17]} 31. Kd3 {[%emt 0:03:05]} f5 {[%emt 0:08:33]} 32. Kc3 {[%emt 0:01:14]} e4 {[%emt 0:00:12]} 33. f4 {[%emt 0:00:10]} Kd6 {[%emt 0:01:13]} 34. Rh7 {[%emt 0:01:30]} e3 {[%emt 0:00:19]} 35. Rh6+ {[%emt 0:01:00]} Kd7 {[%emt 0:00:40]} 36. Kd3 {[%emt 0:00:08]} 1-0

[Event "56th Rubinstein Memorial D 2020"]
[Site "Polanica Zdroj"]
[Date "2020.08.19"]
[Round "5.16"]
[White "Bukala, Weronika"]
[Black "Zarzecki, Dymitr Stanislaw"]
[Result "1-0"]
[WhiteElo "1504"]
[BlackElo "1596"]
[Annotator "NA RC"]
[PlyCount "119"]
[EventDate "2020.08.15"]
[EventType "swiss"]
[EventCountry "POL"]
[SourceTitle "playchess.com"]
[Source "ChessBase"]
[SourceQuality "1"]
[TimeControl "40/5400+30:1800+30"]

1. d4 {[%emt 0:00:00]} g6 {[%emt 0:00:00]} 2. c4 {[%emt 0:00:04]} Bg7 {[%emt 0:00:00]} 3. Nc3 {[%emt 0:00:05]} Nf6 {[%emt 0:00:38]} 4. Bg5 {[%emt 0:00:12]} d6 {[%emt 0:00:55]} 5. e3 {[%emt 0:00:11]} O-O {[%emt 0:01:07]} 6. Bd3 {[%emt 0:00:46]} Nbd7 {[%emt 0:04:33]} 7. h4 {[%emt 0:05:03]} h5 8. Qc2 {[%emt 0:02:18]} c5 {[%emt 0:24:17]} 9. O-O-O {[%emt 0:05:47]} cxd4 {[%emt 0:07:21]} 10. exd4 {[%emt 0:00:22]} b5 {[%emt 0:07:25]} 11. Nxb5 {[%emt 0:07:07]} Ba6 {[%emt 0:09:07]} 12. Qa4 {[%emt 0:06:53]} Bxb5 {[%emt 0:02:13]} 13. cxb5 {[%emt 0:00:46]} Nb6 {[%emt 0:02:57]} 14. Qb3 {[%emt 0:00:47]} d5 {[%emt 0:06:21]} 15. Kb1 {[%emt 0:01:32]} a6 {[%emt 0:10:02]} 16. bxa6 {[%emt 0:07:02]} Nc4 {[%emt 0:01:14]} 17. Bxf6 {[%emt 0:11:09]} Bxf6 {[%emt 0:11:03]} 18. Bxc4 {[%emt 0:01:29]} dxc4 {[%emt 0:01:40]} 19. Qxc4 {[%emt 0:00:34]} Qb6 {[%emt 0:04:47]} 20. Nf3 {[%emt 0:04:18]} Rfc8 {[%emt 0:00:45]} 21. Qd3 {[%emt 0:01:00]} Rxa6 {[%emt 0:00:28]} 22. Rd2 {[%emt 0:03:32]} Rca8 {[%emt 0:02:15]} 23. b3 {[%emt 0:00:23]} Qb4 {[%emt 0:01:48]} 24. Rc1 {[%emt 0:01:49]} Rd6 {[%emt 0:00:27]} 25. Rc4 {[%emt 0:00:54]} Qb6 {[%emt 0:00:32]} 26. Qc3 {[%emt 0:02:28]} Kg7 {[%emt 0:00:28]} 27. Qe3 {[%emt 0:02:18]} Re6 {[%emt 0:00:31]} 28. Qd3 {[%emt 0:01:00]} Rd6 {[%emt 0:00:28]} 29. Qe4 {[%emt 0:00:28]} Rad8 {[%emt 0:00:34]} 30. Ne5 {[%emt 0:01:44]} Rd5 {[%emt 0:00:31]} 31. Nc6 {[%emt 0:05:22]} R8d7 {[%emt 0:00:28]} 32. g4 {[%emt 0:02:32]} e5 {[%emt 0:00:32]} 33. g5 {[%emt 0:01:29]} Bd8 {[%emt 0:00:28]} 34. Nxe5 {[%emt 0:00:31]} R7d6 {[%emt 0:00:31]} 35. Rc6 {[%emt 0:03:04]} Qa5 {[%emt 0:00:31]} 36. Rxd6 {[%emt 0:01:13]} Rxd6 {[%emt 0:00:31]} 37. Nc4 {[%emt 0:00:16]} Qb4 {[%emt 0:00:28]} 38. Qe5+ {[%emt 0:00:26]} Rf6 {[%emt 0:00:31]} 39. gxf6+ {[%emt 0:00:24]} Bxf6 {[%emt 0:00:09]} 40. Qa5 {[%emt 0:00:31]} Qe7 {[%emt 0:00:51]} 41. Qc3 {[%emt 0:31:06]} Bxh4 {[%emt 0:30:30]} 42. d5+ {[%emt 0:00:25]} Bf6 {[%emt 0:00:14]} 43. Qe3 {[%emt 0:00:34]} Qd8 {[%emt 0:00:45]} 44. d6 {[%emt 0:00:29]} Bg5 {[%emt 0:00:31]} 45. f4 {[%emt 0:00:17]} Bf6 {[%emt 0:00:27]} 46. d7 {[%emt 0:00:25]} Qa8 {[%emt 0:00:33]} 47. Ne5 {[%emt 0:00:54]} Qh1+ {[%emt 0:00:32]} 48. Kb2 {[%emt 0:00:39]} Qa8 {[%emt 0:00:28]} 49. Qd4 {[%emt 0:00:18]} Qd8 {[%emt 0:00:30]} 50. Qd5 {[%emt 0:00:16]} Kh6 {[%emt 0:00:31]} 51. Kb1 {[%emt 0:00:25]} h4 {[%emt 0:00:29]} 52. Nxf7+ {[%emt 0:00:13]} Kg7 {[%emt 0:00:29]} 53. Nxd8 {[%emt 0:00:07]} Bxd8 {[%emt 0:00:07]} 54. Qe5+ {[%emt 0:00:07]} Kh7 {[%emt 0:00:31]} 55. Rd6 {[%emt 0:00:34]} h3 {[%emt 0:00:50]} 56. Qe6 {[%emt 0:00:17]} h2 {[%emt 0:00:34]} 57. Qxg6+ {[%emt 0:00:05]} Kh8 {[%emt 0:00:10]} 58. Qh6+ {[%emt 0:00:09]} Kg8 {[%emt 0:00:06]} 59. Rg6+ {[%emt 0:00:07]} Kf7 {[%emt 0:00:17]} 60. Qg7# {[%emt 0:00:05]} 1-0

[Event "56th Rubinstein Memorial D 2020"]
[Site "Polanica Zdroj"]
[Date "2020.08.19"]
[Round "5.17"]
[White "Bialik, Nikodem"]
[Black "Garwacki, Kornel"]
[Result "1-0"]
[WhiteElo "1552"]
[BlackElo "1492"]
[Annotator "NA RC"]
[PlyCount "99"]
[EventDate "2020.08.15"]
[EventType "swiss"]
[EventCountry "POL"]
[SourceTitle "playchess.com"]
[Source "ChessBase"]
[SourceQuality "1"]
[TimeControl "40/5400+30:1800+30"]

1. e4 {[%emt 0:08:36]} e5 {[%emt 0:00:00]} 2. Nf3 {[%emt 0:00:15]} Nc6 {[%emt 0:00:00]} 3. d4 {[%emt 0:00:38]} exd4 {[%emt 0:00:00]} 4. Nxd4 {[%emt 0:00:09]} Nf6 {[%emt 0:00:01]} 5. Nc3 {[%emt 0:01:15]} Bb4 {[%emt 0:00:10]} 6. Nxc6 {[%emt 0:00:35]} bxc6 {[%emt 0:00:08]} 7. Bd3 {[%emt 0:00:12]} d5 {[%emt 0:01:06]} 8. Bd2 {[%emt 0:07:35]} O-O {[%emt 0:11:03]} 9. O-O {[%emt 0:00:30]} Bxc3 {[%emt 0:00:30]} 10. Bxc3 {[%emt 0:00:30]} Nxe4 11. Bxe4 {[%emt 0:00:30]} dxe4 12. Re1 {[%emt 0:00:30]} f5 {[%emt 0:01:30]} 13. Qe2 {[%emt 0:01:20]} Bb7 {[%emt 0:03:15]} 14. Rad1 {[%emt 0:01:01]} Qe8 {[%emt 0:02:02]} 15. Qc4+ {[%emt 0:04:10]} Kh8 {[%emt 0:08:56]} 16. Re3 {[%emt 0:05:17]} Rd8 {[%emt 0:06:18]} 17. Rxd8 {[%emt 0:07:57]} Qxd8 {[%emt 0:00:10]} 18. h3 {[%emt 0:00:35]} Qd1+ {[%emt 0:02:08]} 19. Kh2 {[%emt 0:00:11]} Qd5 {[%emt 0:00:33]} 20. Qd4 {[%emt 0:04:09]} Qxd4 {[%emt 0:03:21]} 21. Bxd4 {[%emt 0:00:09]} h6 {[%emt 0:07:15]} 22. Rg3 {[%emt 0:01:31]} Rf7 {[%emt 0:01:50]} 23. Rb3 {[%emt 0:00:32]} Ba6 {[%emt 0:00:39]} 24. Ra3 {[%emt 0:01:05]} Bc4 {[%emt 0:00:52]} 25. Rxa7 {[%emt 0:04:40]} Kh7 {[%emt 0:02:15]} 26. b3 {[%emt 0:03:17]} Be2 {[%emt 0:01:20]} 27. c3 {[%emt 0:01:18]} g5 {[%emt 0:01:30]} 28. Ra5 {[%emt 0:01:37]} Kg6 {[%emt 0:03:47]} 29. Re5 {[%emt 0:00:27]} Kh5 {[%emt 0:06:56]} 30. Re6 {[%emt 0:01:02]} Bd3 {[%emt 0:02:34]} 31. Rxc6 {[%emt 0:00:47]} g4 {[%emt 0:01:05]} 32. b4 {[%emt 0:16:55]} gxh3 {[%emt 0:00:57]} 33. Kxh3 {[%emt 0:01:38]} f4 {[%emt 0:01:29]} 34. Rc5+ {[%emt 0:02:00]} Kg6 {[%emt 0:00:35]} 35. a4 {[%emt 0:06:05]} Bf1 {[%emt 0:03:43]} 36. Kh2 {[%emt 0:04:32]} Rf5 {[%emt 0:05:43]} 37. Rc6+ {[%emt 0:04:06]} Kh5 {[%emt 0:01:54]} 38. Bg7 {[%emt 0:01:33]} Kg4 {[%emt 0:00:30]} 39. Kg1 {[%emt 0:01:49]} Bd3 {[%emt 0:02:03]} 40. Bxh6 {[%emt 0:02:04]} f3 {[%emt 0:09:32]} 41. Rxc7 {[%emt 0:31:13]} fxg2 {[%emt 0:30:43]} 42. Kxg2 {[%emt 0:00:31]} Be2 {[%emt 0:01:17]} 43. Rg7+ {[%emt 0:00:38]} Kh5 {[%emt 0:03:09]} 44. Be3 {[%emt 0:00:23]} Rd5 {[%emt 0:00:43]} 45. Re7 {[%emt 0:01:16]} Bf3+ {[%emt 0:00:17]} 46. Kg3 {[%emt 0:00:38]} Rf5 {[%emt 0:02:18]} 47. Re6 {[%emt 0:00:22]} Rg5+ {[%emt 0:01:00]} 48. Bxg5 {[%emt 0:00:10]} Kxg5 {[%emt 0:00:09]} 49. Re5+ {[%emt 0:00:11]} Kf6 {[%emt 0:00:07]} 50. Kf4 {[%emt 0:00:06]} 1-0

[Event "56th Rubinstein Memorial D 2020"]
[Site "Polanica Zdroj"]
[Date "2020.08.19"]
[Round "5.18"]
[White "Wolska, Marta"]
[Black "Jurkowska, Magdalena"]
[Result "1-0"]
[WhiteElo "1551"]
[BlackElo "1465"]
[Annotator "NA RC"]
[PlyCount "185"]
[EventDate "2020.08.15"]
[EventType "swiss"]
[EventCountry "POL"]
[SourceTitle "playchess.com"]
[Source "ChessBase"]
[SourceQuality "1"]
[TimeControl "40/5400+30:1800+30"]

1. d4 {[%emt 0:00:00]} d5 {[%emt 0:00:00]} 2. c4 {[%emt 0:00:00]} e6 {[%emt 0:00:00]} 3. Nc3 {[%emt 0:00:00]} Nf6 {[%emt 0:00:16]} 4. Bg5 {[%emt 0:00:28]} Be7 {[%emt 0:00:32]} 5. cxd5 {[%emt 0:00:06]} exd5 {[%emt 0:01:10]} 6. e3 {[%emt 0:00:38]} O-O {[%emt 0:13:36]} 7. Bd3 {[%emt 0:01:25]} b6 {[%emt 0:02:23]} 8. Bxf6 {[%emt 0:02:55]} Bxf6 {[%emt 0:00:14]} 9. Qh5 {[%emt 0:00:14]} g6 {[%emt 0:01:40]} 10. Qxd5 {[%emt 0:08:40]} c6 {[%emt 0:00:30]} 11. Qxd8 Rxd8 12. Nge2 {[%emt 0:01:00]} Bb7 {[%emt 0:01:49]} 13. Be4 {[%emt 0:02:55]} Na6 {[%emt 0:03:19]} 14. O-O {[%emt 0:00:27]} Rab8 {[%emt 0:01:46]} 15. Rfd1 {[%emt 0:03:55]} Bg7 {[%emt 0:03:08]} 16. a3 {[%emt 0:01:04]} Nc7 {[%emt 0:03:56]} 17. Bf3 {[%emt 0:00:55]} Ne6 {[%emt 0:00:44]} 18. g3 {[%emt 0:02:00]} Rd7 {[%emt 0:04:04]} 19. Rac1 {[%emt 0:03:28]} Rbd8 {[%emt 0:02:10]} 20. Nf4 {[%emt 0:07:19]} Nxf4 {[%emt 0:00:51]} 21. gxf4 {[%emt 0:00:02]} f5 {[%emt 0:01:45]} 22. Na2 {[%emt 0:05:25]} c5 {[%emt 0:01:27]} 23. Bxb7 {[%emt 0:06:14]} Rxb7 {[%emt 0:01:36]} 24. dxc5 {[%emt 0:00:25]} Rxd1+ {[%emt 0:00:08]} 25. Rxd1 {[%emt 0:00:14]} bxc5 {[%emt 0:00:04]} 26. b4 {[%emt 0:01:11]} cxb4 {[%emt 0:07:27]} 27. axb4 {[%emt 0:00:52]} Bf8 {[%emt 0:00:16]} 28. Rd4 {[%emt 0:01:43]} Rb5 {[%emt 0:00:47]} 29. Kf1 {[%emt 0:01:24]} a5 {[%emt 0:00:31]} 30. bxa5 {[%emt 0:00:55]} Rxa5 {[%emt 0:00:17]} 31. Nc3 {[%emt 0:01:02]} Ra1+ {[%emt 0:02:36]} 32. Rd1 {[%emt 0:00:38]} Ra3 {[%emt 0:01:57]} 33. Nb5 {[%emt 0:00:23]} Ra6 {[%emt 0:02:32]} 34. Rd7 {[%emt 0:02:40]} Ra1+ {[%emt 0:01:34]} 35. Kg2 {[%emt 0:00:07]} Ra2 {[%emt 0:00:57]} 36. Nc3 {[%emt 0:01:01]} Ra6 {[%emt 0:04:04]} 37. Nd5 {[%emt 0:01:05]} Re6 {[%emt 0:00:15]} 38. f3 {[%emt 0:02:07]} Bc5 {[%emt 0:00:41]} 39. Kf2 {[%emt 0:00:35]} h6 {[%emt 0:00:47]} 40. Ke2 {[%emt 0:00:53]} g5 {[%emt 0:00:24]} 41. Rc7 {[%emt 0:31:23]} Bd6 {[%emt 0:30:35]} 42. Rc6 {[%emt 0:01:10]} Kf7 {[%emt 0:02:12]} 43. Nc7 {[%emt 0:03:41]} Rf6 {[%emt 0:06:01]} 44. Nb5 {[%emt 0:01:01]} Be7 {[%emt 0:00:13]} 45. Rxf6+ {[%emt 0:01:20]} Kxf6 {[%emt 0:00:15]} 46. fxg5+ {[%emt 0:00:24]} Kxg5 {[%emt 0:00:38]} 47. Kf2 {[%emt 0:00:20]} Bc5 {[%emt 0:00:39]} 48. Nd4 {[%emt 0:00:29]} Kf6 {[%emt 0:02:16]} 49. f4 {[%emt 0:00:46]} Bb6 {[%emt 0:02:41]} 50. Kf3 {[%emt 0:01:17]} Bc5 {[%emt 0:02:02]} 51. Nb3 {[%emt 0:01:26]} Bb6 {[%emt 0:00:26]} 52. e4 {[%emt 0:00:30]} fxe4+ {[%emt 0:00:21]} 53. Kxe4 {[%emt 0:00:01]} Bg1 {[%emt 0:00:23]} 54. h3 {[%emt 0:00:08]} Ke6 {[%emt 0:02:00]} 55. f5+ {[%emt 0:00:17]} Kf6 {[%emt 0:00:06]} 56. Nd2 {[%emt 0:01:21]} Bf2 {[%emt 0:03:01]} 57. Kf4 {[%emt 0:01:38]} Bd4 {[%emt 0:02:59]} 58. Ne4+ {[%emt 0:01:13]} Kf7 {[%emt 0:00:25]} 59. Nd2 {[%emt 0:02:04]} Kf6 {[%emt 0:00:17]} 60. Nf3 {[%emt 0:00:03]} Bf2 {[%emt 0:00:49]} 61. Nh2 {[%emt 0:00:53]} h5 {[%emt 0:00:48]} 62. Nf3 {[%emt 0:00:12]} Bb6 {[%emt 0:00:37]} 63. Nd2 {[%emt 0:00:40]} Bd4 {[%emt 0:01:00]} 64. Ne4+ {[%emt 0:00:17]} Kf7 {[%emt 0:01:29]} 65. Kg5 {[%emt 0:00:20]} Be3+ {[%emt 0:01:27]} 66. Kxh5 {[%emt 0:00:55]} Bc1 {[%emt 0:00:06]} 67. Kg4 {[%emt 0:00:13]} Be3 {[%emt 0:00:25]} 68. h4 {[%emt 0:00:07]} Bc1 {[%emt 0:00:06]} 69. Kf3 {[%emt 0:01:45]} Ba3 {[%emt 0:02:55]} 70. Nf2 {[%emt 0:03:27]} Bc1 {[%emt 0:01:07]} 71. Kg4 {[%emt 0:00:16]} Be3 {[%emt 0:00:14]} 72. Nh3 {[%emt 0:00:15]} Bc1 {[%emt 0:00:33]} 73. Nf4 {[%emt 0:00:34]} Kf6 {[%emt 0:01:21]} 74. h5 {[%emt 0:00:05]} Kf7 {[%emt 0:00:19]} 75. Kg5 {[%emt 0:02:28]} Bd2 {[%emt 0:00:24]} 76. Kg4 {[%emt 0:00:47]} Bc1 {[%emt 0:00:07]} 77. Nd5 {[%emt 0:00:12]} Bd2 {[%emt 0:01:11]} 78. Kf3 {[%emt 0:00:05]} Bc1 {[%emt 0:00:19]} 79. Ke4 {[%emt 0:00:23]} Bg5 {[%emt 0:00:57]} 80. Nc7 {[%emt 0:01:30]} Bc1 {[%emt 0:04:52]} 81. Ne6 {[%emt 0:00:46]} Kf6 {[%emt 0:00:49]} 82. Nf4 {[%emt 0:00:12]} Kf7 {[%emt 0:00:31]} 83. Nd3 {[%emt 0:01:32]} Bd2 {[%emt 0:01:02]} 84. Nf4 {[%emt 0:01:47]} Bc1 {[%emt 0:00:07]} 85. Nd5 {[%emt 0:00:28]} Bd2 {[%emt 0:00:31]} 86. Ke5 {[%emt 0:00:39]} Bc1 {[%emt 0:00:54]} 87. f6 {[%emt 0:00:35]} Bb2+ {[%emt 0:00:06]} 88. Kf5 {[%emt 0:00:04]} Bc1 {[%emt 0:00:09]} 89. Nc3 {[%emt 0:00:21]} Kf8 {[%emt 0:07:43]} 90. Kg6 {[%emt 0:00:15]} Kg8 {[%emt 0:00:46]} 91. Ne4 {[%emt 0:00:21]} Kh8 {[%emt 0:01:07]} 92. h6 {[%emt 0:00:47]} Bb2 {[%emt 0:00:37]} 93. Ng5 {[%emt 0:01:24]} 1-0